|
|
|
|
| LEADER |
00622nam a22001577a 4500 |
| 999 |
|
|
|c 296395
|d 296395
|
| 082 |
|
|
|a 491.7321
|b STE/R
|
| 100 |
|
|
|a Stepanova,E M.
|
| 245 |
|
|
|a Russian for everybody:reference grammar, vocabulary
|
| 250 |
|
|
|a 10th ed.
|
| 260 |
|
|
|a Moscow
|c 1988
|
| 300 |
|
|
|a 149p.
|
| 700 |
|
|
|a Kostomarov,V.(Ed.)
|
| 942 |
|
|
|c BK
|
| 952 |
|
|
|0 0
|1 0
|4 0
|6 491_732100000000000_STE_R
|7 0
|8 NFIC
|9 315768
|a RUS
|b RUS
|c GEN
|d 2020-08-19
|l 0
|o 491.7321 STE/R
|p RUS14474
|r 2020-08-19
|w 2020-08-19
|y BK
|
| 952 |
|
|
|0 0
|1 0
|4 0
|6 491_732100000000000_STE_R
|7 0
|8 NFIC
|9 320143
|a RUS
|b RUS
|c GEN
|d 2020-09-25
|l 0
|o 491.7321 STE/R
|p RUS14473
|r 2020-09-25
|w 2020-09-25
|y BK
|